00333nam a2200109 a 4500008004100000050001500041100003400056245010500090260000900195300001000204350000900214120416s1977 xx |||||||||||||| || u aTA 405 Feo aFeodosyev, Vsevolod Ivanovich10aSelected problems and questions in strength of materialsctranslated from the Russian by M. Konyaeva c1977 a: ill a0.00